000 00459nam a2200181Ia 4500
001 23636
005 20260414150950.0
008 260414t2013||||xx |||||||||||||| ||spa||
041 _aESP
082 _a670.427
_bS68
100 _aSoria Tello, Saturnino
_eAUT
245 0 _aSistemas automáticos industriales de eventos discretos
_b
260 _c2013
300 _a789 páginas :
_c23 cm.
650 _aTCA
654 _aCII
942 _cLIB
_dJUS
_fJUS
_2ddc
_n
999 _c23636
_d23636